1419 1954 1592 1508 1827 1844 1695 1452 1177 1875 1710 1330 1646 1838 1746 1215 1738 1194 1018 1883 1636 1340 1302 1137 1007 1093 1107 1304 1258 1030 1295 1168 1414 1363 1064 1276 1972 1031 1409 1753 1181 1133 1270 1042 1581 1532 1317 1910 1063 1163 1518 1829 1056 1763 1029 1882 1362 1500 1453 1160 1614 1910 1393 1663 1091 1585 1265 1097 1274 1788 1376 1515 1685 1369 1557 1171 1221 1102 1900 1071 1591 1600 1070 1178 1558 1649 1635 1672 1179 1457 1570 1908 1709 1406 1776 1600 1133 1224 1898 BCNSPRNW ULIB Ver.6.0+V

เปลี่ยนเป็นภาษาไทย

Change to English
 แสดงรายละเอียดบรรณานุกรม
  กลับหน้าหลัก

Brief Record : Get Marc (ISO 2709) : E-mail record : QR code < ปิดหน้าต่าง
LEADER : 00000nam 2200000uu 4500
001    13399124935
003     ULIB
008    160518s2548||||th 000 0 tha d
020    9789749906200
099    ^aนว.ม111ส
100    ^aคึกฤทธิ์ ปราโมช
245    ^aสี่แผ่นดิน
260    ^a ^bนานมีบุคส์,^c2548
945    ^p695^l0^i023620
999    ^aเกษร โพธิ์สุวรรณ
รายการนี้ยังไม่มีแท็ก
คุณยังไม่ได้ล็อกอิน คุณสามารถมีกิจกรรมร่วมกับเว็บไซต์ได้ แต่ต้องล็อกอินก่อน ::
  ล็อกอิน

รายการสื่อสารสนเทศ

ลำดับที่ ประเภท เลขเรียก/บาร์โค้ด สถานที่ สถานะ
1. นวนิยาย
นวนิยาย
นว.ม111ส ฉ.1 
  Barcode: 023620
ห้องสมุดวิทยาเขตสวรรค์ประชารักษ์
►นวนิยาย
ถูกยืม กำหนดส่งวันที่ 6 มีนาคม 2567
  จอง

รายการใกล้เคียง
    ชื่อเรื่อง [สี่แผ่นดิน]

BibComment


ยังไม่เคยถูกคอมเมนท์

คอมเมนท์ทรัพยากรรายการนี้
  คอมเมนท์: สี่แผ่นดิน


 Copyright 2026. Bcnsprnw @Library